01091nam a22002177a 450000500170000000800410001704000250005804100080008304400070009110000290009824501140012726000310024130000460027250400520031852002480037065000380061865000490065665000460070570000250075177300970077620150630134415.0150630b2006 ck ||||| |||| 00| 0 spa d aCO-BoIAVHcCO-BoIAVH aspa ack1 aPacheco-Garzón, Andrea1 aBiología reproductiva del Loro Orejiamarillo (Ognorhynchus icterotis) en el TolimacAndrea Pacheco Garzón3 aBogotá:bProAves,c2006. aAño 2006, Nro 2, Diciembre, Pag. 87-97. aIncluye referencias bibliográficas (Pag. 97). aSe evaluaron las características de los nidos y de las áreas de anidación, describiendo el comportamiento de las parejas durante todas las etapas del ciclo reproductivo desde de la incubación hasta la salida de los juveniles del nido.  4aPapagayoxReprouducciónzTolima 4aPapagayoxConservación biológicazTolima 4aLoros amenazadosxReprouducciónzTolima1 aLosada-Prado, Sergio0 dBogotá : Fundación ProAves, 2006-o038446tRevista Conservación Colombianax19001592